Le hasard et la nécessité
Сохранить в:
| Главный автор: | |
|---|---|
| Формат: | |
| Язык: | Undetermined |
| Опубликовано: |
París, Francia
Seuil
1970
|
| Предметы: | |
| Метки: |
Добавить метку
Нет меток, Требуется 1-ая метка записи!
|
MARC
| LEADER | 00000nam a2200000Ia 4500 | ||
|---|---|---|---|
| 008 | 170316s9999 xx 000 0 und d | ||
| 090 | |a 100 M-54L | ||
| 100 | |a Monod, Jacques | ||
| 245 | |a Le hasard et la nécessité | ||
| 260 | |a París, Francia | ||
| 260 | |b Seuil | ||
| 260 | |c 1970 | ||
| 300 | |a 197 páginas | ||
| 650 | |a FILOSOFÍA | ||
| 650 | |a EPISTEMOLOGÍA | ||
| 999 | |c 17040 |d 17040 | ||
| 040 | |a cru BVZT | ||
| 942 | |c 15 D |h 100 M-54L |2 z | ||
